000 00759 a2200205 4500
001 55351
005 20260407155827.0
008 260407a1959 arg spa d
003 AR-UNSa-BCEJYS
040 _aAR-UNSa-BCEJYS
_bspa
_cAR-UNSa-BCEJYS
080 _a330.34
_xDesarrollo Económico
245 1 0 _aLa planeación del desarrollo
264 1 _aMéxico :
_bFondo de Cultura Económica
_c1959
300 _a107
_c21 cm.
505 _a1. Los elementos del desarrollo económico - 2. La esencia de la programación - 3. Análisis de proyectos: inversiones públicas - 4. Métodos para explorar, juzgar y estimular la inversión privada - 5. Anexos
041 _aspa
942 _cBK
590 _aniveau_biblio:m niveau_hierar:0
100 1 _aTinbergen, Jan
999 _c5913
_d5913